International caliber - 2003 (Record no. 15007)

MARC details
000 -LEADER
fixed length control field 00578nam a2200193Ia 4500
003 - CONTROL NUMBER IDENTIFIER
control field IN-BaIIA
008 - FIXED-LENGTH DATA ELEMENTS--GENERAL INFORMATION
fixed length control field 211028s9999 xx 000 0 eng d
020 ## - INTERNATIONAL STANDARD BOOK NUMBER
International Standard Book Number 81-900825-6-6
040 ## - CATALOGING SOURCE
Transcribing agency IIA Library
080 ## - UNIVERSAL DECIMAL CLASSIFICATION NUMBER
Universal Decimal Classification number 2
Item number MUR
245 #0 - TITLE STATEMENT
Title International caliber - 2003
Remainder of title mapping technology on libraries and people
Statement of responsibility, etc. edited by T. A. V. Murthy
260 ## - PUBLICATION, DISTRIBUTION, ETC.
Place of publication, distribution, etc. Ahmedabad
Name of publisher, distributor, etc. INFLIBNET Centre
Date of publication, distribution, etc. 2003
300 ## - PHYSICAL DESCRIPTION
Extent xvi, 728p.
650 ## - SUBJECT ADDED ENTRY--TOPICAL TERM
Topical term or geographic name entry element Caliber
9 (RLIN) 27217
650 ## - SUBJECT ADDED ENTRY--TOPICAL TERM
Topical term or geographic name entry element Library Science
9 (RLIN) 8327
650 ## - SUBJECT ADDED ENTRY--TOPICAL TERM
Topical term or geographic name entry element Mapping Technology
9 (RLIN) 27218
700 ## - ADDED ENTRY--PERSONAL NAME
Personal name Murthy, T. A. V., ed.
9 (RLIN) 27219
942 ## - ADDED ENTRY ELEMENTS (KOHA)
Koha item type Books
Holdings
Withdrawn status Lost status Damaged status Not for loan Home library Current library Shelving location Date acquired Total Checkouts Full call number Barcode Date last seen Price effective from Koha item type
        IIA Library-Bangalore IIA Library-Bangalore General Stacks 27/03/2003   02/ MUR 15929 05/11/2021 27/03/2003 Books

Powered by Koha